Wolfsburg all time xi - Statistics

General Stats
  • This quiz has been taken 15 times
  • The average score is 3 of 11
Answer Stats
Hint Answer % Correct
GK(Switzerland) Dino Benaglio
86%
MF(Germany) Maximilian Arnold
86%
MF(France) Josuha Guilavogui
29%
FW(Bulgaria) Martin Petrov
29%
DF(Germany) Marcel Schäfer
21%
DF(Germany) Aleksander Madlung
14%
DF(Germany) Sascha Riether
14%
FW(Germany) Frank Plagge
0%
DF(Germany) Michael Geiger
0%
MF(Germany) Olaf Ansorge
0%
FW(Germany) siegfried Reich
0%
No matching quizzes found
Score Distribution
Percent of People with Each Score
Percentile by Number Answered
Your Score History
You have not taken this quiz